| 000 | 00511nam a2200181Ia 4500 | ||
|---|---|---|---|
| 008 | 140925s9999 xx 000 0 und d | ||
| 020 | _a2146-4405 | ||
| 245 |
_aInternational review of management and marketing / _h[electronic resource] |
||
| 260 |
_bIRMM, _cc2014. |
||
| 516 | _aElectronic text | ||
| 650 | _aJournal. | ||
| 650 | _aMarketing Management. | ||
| 650 | _aReview. | ||
| 830 | _aIRMM | ||
| 856 | _uhttp://www.econjournals.com/index.php/irmm | ||
| 942 | _cEJ | ||
| 999 |
_c275846 _d275846 |
||